000 00674nam a2200193Ii 4500
003 JO-AjNU
008 230605s9999||||xx |||||||||||||| ||und||
040 _aJO-AjNU
_bara
_erda
_cJO-AjNU
041 _aara
050 1 4 _aUA646.3 1998
100 3 _aجاد، عماد,
_eauthor
_938231
245 0 0 _aحلف الاطلنطي مهام جديدة في بيئة امنية مغايرة
264 3 1 _aالقاهرة: مركز الدراسات السياسية والاستراتيجية ، 1998
300 _a308ص
336 _atext
_btxt
_2rdacontent
337 _aunmediated
_bn
_2rdamedia
338 _avolume
_bnc
_2rdacarrier
650 4 _aحلف الاطلنطي
_938232
999 _aA16045
_c19613
_d19613